| 000 | 00931nam a2200217Ia 4500 | ||
|---|---|---|---|
| 999 |
_c40176 _d40176 |
||
| 001 | 6782 | ||
| 003 | GE_BSU | ||
| 005 | 20200108174125.0 | ||
| 008 | 181216s1964||||ge |||||||||||||| ||geo|| | ||
| 040 | _cGE_BSU | ||
| 041 | _ageo | ||
| 080 | _a821.353.1-7 გ-59 | ||
| 100 |
_aგოგიაშვილი, კ. _96019 |
||
| 245 |
_aვინ დაღუპა აფრასიონი : _bსატირა და იუმორი / _cკ. გოგიაშვილი ; რედ. ო. შალამბერიძე. |
||
| 264 |
_aთბილისი : _bლიტერატურა და ხელოვნება, _c1964. |
||
| 300 |
_a172 გვ. ; _c20 სმ. |
||
| 653 | _aვინ დაღუპა აფრასიონი | ||
| 653 | _aსატირა და იუმორი | ||
| 700 |
_aშალამბერიძე, ო. _eრედაქტორი _91328 |
||
| 942 |
_cBK _2udc |
||